| 000 | 00905nam a2200289 a 4500 | ||
|---|---|---|---|
| 001 | 000081760 | ||
| 005 | 20200120224623.0 | ||
| 008 | 161124s2009 sp ao||gr|||| 001 ||spa d | ||
| 020 | _a9788489840935 | ||
| 041 | 0 | _a/-spa | |
| 043 | _aae-uk-en | ||
| 082 | 0 | 4 |
_a701.85 _bS15 _221 |
| 100 | 1 | _aSanz, Juan Carlos | |
| 245 | 1 | 0 |
_aLenguaje del color : _bsinestesia cromática en poesía y arte visual / _cJuan Carlos Sanz. |
| 250 | _a1a. ed. | ||
| 260 |
_aMadrid : _bEdiciones Akal, _c2009. |
||
| 300 |
_a326 páginas : _bIlustraciones y fotografias a color. |
||
| 490 | 0 |
_aH. Blume _v10 |
|
| 500 | _aIncluye índice | ||
| 504 | _aReferencias bibliográficas : p. 323-326 | ||
| 650 | 1 | 7 |
_aColor _2LEMB |
| 650 | 2 | 7 |
_aColor _xEfectos fisiológicos _2LEMB |
| 650 | 2 | 7 |
_aSentido del color _2LEMB |
| 650 | 2 | 7 |
_aTeoría del color _2LEMB |
| 650 | 2 | 7 |
_aPsicología del color _2LEMB |
| 650 | 2 | 7 |
_aArte visual _2LEMB |
| 999 |
_c10171 _d10171 |
||